Ako ďalej?
Smery vývoja obchodnej siete na Slovensku. TOP slovenského obchodu 2000 podľa typov predajní. Počet hypermarketov na Slovensku a vo svete.
Enregistré dans:
| Auteur principal: | |
|---|---|
| Format: | Chapitre de livre |
| Langue: | slovaque |
| Sujets: | |
| Tags: |
Pas de tags, Soyez le premier à ajouter un tag!
|
MARC
| LEADER | 00000naa a2200000 4500 | ||
|---|---|---|---|
| 001 | r043082 | ||
| 005 | 20230920073555.7 | ||
| 041 | 0 | |a slo | |
| 044 | |a SK | ||
| 245 | 1 | 0 | |a Ako ďalej? |c Halka Tytykalová |
| 520 | |a Smery vývoja obchodnej siete na Slovensku. TOP slovenského obchodu 2000 podľa typov predajní. Počet hypermarketov na Slovensku a vo svete. | ||
| 610 | 2 | 0 | |a siete veľkoobchodné |
| 610 | 2 | 0 | |a siete maloobchodné |
| 610 | 2 | 0 | |a hypermarkety |
| 610 | 2 | 0 | |a obchod |
| 610 | 2 | 0 | |a trh vnútorný |
| 610 | 2 | 0 | |a podnikanie malé |
| 610 | 2 | 0 | |a podnikanie stredné |
| 610 | 2 | 0 | |a konkurencia |
| 100 | 1 | |a Tytykalová, Halka | |